000 00538nam a2200181Ia 4500
008 100917s9999 xx 000 0 und d
082 _b42135
100 _aसावरकर प्रकाश
245 _aनिम्फोमेनिया
260 _bगौरी प्रकाशन
_c1980
300 _a179
365 _b18
520 _aकादंबरी
630 _aनिम्फोमेनिया
650 _aकादंबरी
730 _aनिम्फोमेनिया
942 _cBOOK
999 _c647529
_d647526